000 00426nam a2200133 a 4500
001 000039529
005 20201002031705.0
008 130705s1985 dr 000 0 spa d
040 _aDO-SdBNP
_bspa
_cBNPHU
100 1 _aBest, Ilda de
_965702
245 1 0 _aEnfoques, consejos e invocaciones /
_cIlda de Best.
260 _aSantiago, República Dominicana :
_bTalleres Gráficos de Impresos Rey,
_c1985.
300 _a90 p. ;
_c22 cm.
999 _c39019
_d39019